000 00721cab a2200229 4500
001 ABS53192
008 090401t1995 xxu||||| |||| 00| 0 eng d
035 _a(Sirsi) u2585
041 _aeng
100 _aDavies, H.
245 _aHigh rise refurbishment: a brave new world or old problems recycled?
260 _c1995
350 _a0
490 _aStructural Survey
_v13(1) 1995, 22-24(3)
520 _aMeasures the success of two tower block refurbishment schemes according to tenant satisfaction with the results. Estate Action funding was used.
650 _aESTATE ACTION
650 _aTENANT SATISFACTION
650 _aTOWER BLOCKS
690 _aRefurbishment
_96264
942 _n0
948 _c04/03/1997
999 _c1558
_d1558